| 000 | 00756nam a2200217 a 4500 | ||
|---|---|---|---|
| 999 |
_c4526 _d4526 |
||
| 001 | 4526 | ||
| 003 | BD-JhCC | ||
| 005 | 20171128114252.0 | ||
| 008 | 171128s1969 bg b|||| ||a| 000 0 ben d | ||
| 035 | _a(BD-JhCC)4526 | ||
| 040 |
_aBD-JhCC _dBD-JhCC |
||
| 041 | _aben | ||
| 082 |
_a954.91 _bISL 1969 |
||
| 100 | _aইসলাম, মুহাম্মদ সিরাজুল | ||
| 245 |
_aপাকিস্তান দেশ ও কৃষ্টি / _cমুহাম্মদ সিরাজুল ইসলাম |
||
| 260 |
_aঢাকা : _bঈস্ট পাকিস্তান স্কুল টেকস্টবুক বোর্ড, _c1969. |
||
| 300 |
_a176 p. : _c21 cm |
||
| 650 | _aPakistan | ||
| 942 |
_2ddc _cBK |
||